000 00540nam a2200205Ia 4500
001 9061
003 IVS
005 20250626030149.0
008 211022s9999 xx 000 0 und d
040 _cIVS
082 _a729 BIB
100 _aBibi Natasha Mukarram
245 0 _aNomadism - an upcoming lifestyle in the world
260 _aKarachi
260 _bIndus Valley School
260 _c2008
300 _a53
856 _uhttps://drive.google.com/file/d/1vRuxfeEMNg3Z79oy_d6HbqAtaf4-Ok4w/view?usp=sharing
942 _cDISS
_2ddc
_n0
999 _c7781
_d7781